| 000 | 006910000a22002290004500 | ||
|---|---|---|---|
| 003 | LK-CoMWRAF | ||
| 005 | 20231109134546.0 | ||
| 008 | 230817t1998 ||||| |||| 00| 0 eng d | ||
| 020 | _a042159750X | ||
| 040 |
_aLK-CoMWRAF _dLK-CoMWRAF _eLK-CoMWRAF |
||
| 041 | _aeng | ||
| 082 |
_a342.4 _bBRI |
||
| 100 | _aBridgeman, Jo | ||
| 245 |
_aFeminist Perspectives on Law: _bLaw's Engagement With The Female Body |
||
| 260 |
_aLondon: _bSweet & Maxwell; _c1998 |
||
| 300 |
_a xxxi, 769 p. ; 24 cm. _bIndex included |
||
| 650 | _aWOMEN-Legal status, laws-Great Britain | ||
| 650 | _a Human body--Law and legislation | ||
| 650 | _aFeminist jurisprudence | ||
| 700 | _aMillns, Susan | ||
| 942 | _cBK | ||
| 999 |
_c241 _d241 |
||